Tài liệu tham khảo phục vụ nghiên cứu các văn kiện Đại hội Đại biểu toàn Quốc lần thứ XI của Đảng
Nội dung sách giới thiệu tài liệu nghiên cứu các văn kiện Đại hội đại biểu toàn quốc lần thứ XI của Đảng (dành cho cán bộ chủ chốt và báo cáo viên, dùng cho cán bộ, đảng viên, cơ sở, dùng cho đoàn viên, hội viên các đoàn thể chính trị -...
Gorde:
| Erakunde egilea: | |
|---|---|
| Formatua: | Liburua |
| Hizkuntza: | Undetermined |
| Argitaratua: |
Hà Nội
Chính trị Quốc gia
2011
|
| Gaiak: | |
| Etiketak: |
Etiketa erantsi
Etiketarik gabe, Izan zaitez lehena erregistro honi etiketa jartzen!
|
| Thư viện lưu trữ: | Trung tâm Học liệu Trường Đại học Cần Thơ |
|---|
| LEADER | 01178nam a2200217Ia 4500 | ||
|---|---|---|---|
| 001 | CTU_228408 | ||
| 008 | 210402s9999 xx 000 0 und d | ||
| 020 | |c 21000 | ||
| 082 | |a 324.2597075 | ||
| 082 | |b B105 | ||
| 110 | |a Ban Tuyên giáo Trung Ương | ||
| 245 | 0 | |a Tài liệu tham khảo phục vụ nghiên cứu các văn kiện Đại hội Đại biểu toàn Quốc lần thứ XI của Đảng | |
| 245 | 0 | |c Ban Tuyên giáo Trung Ương | |
| 260 | |a Hà Nội | ||
| 260 | |b Chính trị Quốc gia | ||
| 260 | |c 2011 | ||
| 520 | |a Nội dung sách giới thiệu tài liệu nghiên cứu các văn kiện Đại hội đại biểu toàn quốc lần thứ XI của Đảng (dành cho cán bộ chủ chốt và báo cáo viên, dùng cho cán bộ, đảng viên, cơ sở, dùng cho đoàn viên, hội viên các đoàn thể chính trị - xã hội tuyên truyền trong nhân dân) | ||
| 650 | |a Đảng Cộng Sản,Communist parties | ||
| 650 | |z Việt Nam,Vietnam | ||
| 910 | |b dqhieu | ||
| 980 | |a Trung tâm Học liệu Trường Đại học Cần Thơ | ||